00856nam a2200229 a 4500001001000000003000400010005001700014008004100031020001500072040002500087082001500112100003400127245004900161260006100210300002800271500002500299590002700324942001400351952011600365952012800481999001700609000024650OSt20240229073954.0110202s1997 dr a 000 0 spa d a8489548242 aDO-SdBNPbspacBNPHU axxxbV422f1 aVega, Bernardo,d1938 -9322214aLas frutas de los taínos /cBernardo Vega. aSanto Domingo :bFundación Cultural Dominicana,c1997. a226 p. :bil. ;c31 cm. alibro de pasta dura. aInventariado, 2020/ YL 2ddccLBS1 00102ddc718PDaPDbPDcCTd2011-02-02eDonacióniLF1l0oxxx V422fp24650-10r2020-06-25w2020-06-25yLFPD 00102ddc51718PDaPDbPDcCTd2014-02-02eManuel OrtiziLF1l0oxxx V422fp2020-0211r2020-10-22te. 2w2020-06-25yLFPD c24143d24143